Wyspy Europy - nagła śmierć - Statystyki

Ogólne statystyki
  • Ten quiz został rozwiązany 222 razy
  • Średni wynik to 9 z 20
Answers on the Grid
Answers color-coded by a green-red scale on the quiz's grid according to % correct below.
Zelandia
Fionia
Sarema
Hiuma
Olandia
Rugia
Minorka
Bornholm
Ibiza
Man
Eubea
Capri
Sardynia
Elba
Krk
Sycylia
Korsyka
Wight
Guernsey
Jersey
Bali
Luzon
Okinawa
Sokotra
Nowa Fundlandia
Wyspa Wielkanocna
Ziemia Ognista
Tasmania
Cejlon
Nias
Hajnan
Jawa
Timor
Borneo
Sachalin
Cebu
Jolo
Nowa Kaledonia
Viti Levu
Unimak
 
Statystyki odpowiedzi
Odpowiedź % Poprawnych
Sycylia
82%
Sardynia
76%
Ibiza
73%
Korsyka
72%
Bornholm
59%
Minorka
58%
Man
54%
Elba
51%
Capri
49%
Rugia
48%
Zelandia
48%
Jersey
41%
Guernsey
40%
Krk
37%
Fionia
31%
Olandia
29%
Eubea
22%
Wight
22%
Sarema
18%
Hiuma
12%
Nie znaleziono quizów pasujących do podanych kryteriów
Rozkład punktacji
Procent ludzi z każdym wynikiem
Percentyl według liczby udzielonych odpowiedzi
Twoja historia wyników
Nie rozwiązałeś tego quizu